000 00665cam a2200229ua 4500
003 OSt
008 250802b |||||||| |||| 00| 0 eng d
020 _a0-444-86384-2
041 _aeng
082 _a664
_bKAL/CO
100 _aKalman, Robert E .
_95861
245 0 0 _aComputer applications in food production and agricultural engineering
250 _a1 /
260 _aAmsterdam :
_bNorth Holland Publishing Company ,
_c1982.
300 _a334 ; .
650 _aAgricultural economics
_97672
650 _aArthropod population
_95863
650 _aextension service
_95864
650 _aSugar industry
_95865
700 1 _aMartinez, Jesus .
_95866
942 _cBK
999 _c9
_d9